| 000 | 00559nam a22001697a 4500 | ||
|---|---|---|---|
| 008 | 151203b xxu||||| |||| 00| 0 eng d | ||
| 020 | _a9780323100946 | ||
| 050 | _aSPE RT 98 .S73 2014 | ||
| 100 |
_aStanhope, Marcia. _d2014. |
||
| 245 |
_aFundations of Nursing in the Community: _bCommunity-Oriented Practice. _cMarcia, Stanhope. |
||
| 250 | _a4th ed. | ||
| 260 |
_aUSA: _bElsevier, _c2014. |
||
| 300 |
_axiii, 678p. _bincludes index, |
||
| 650 | _anursing | ||
| 700 | _aLancaster, Jeanette. | ||
| 942 |
_2lcc _cBOOKS _hSPE RT 98 .S73 2014 |
||
| 999 |
_c10250 _d10250 |
||